000 00350nam a22001217a 4500
999 _c1414
_d1414
005 20200831125142.0
008 200831b ||||| |||| 00| 0 eng d
020 _a0719543037
040 _cCML
245 _aUnderstanding Mathematics 5.
_cCox, C.J. & Bell, D.
260 _aLondon
_bJohn Murray Ltd
_c1987
942 _2ddc
_cBK
_h510
_mCOX